| 000 | 00655nam a2200181 a 4500 | ||
|---|---|---|---|
| 008 | 150817s1998 ||||||||||||||||| || u | ||
| 020 | _a9780137517367 | ||
| 050 | _aQP 34.5 Smi | ||
| 100 | _aSmith, Robert R | ||
| 245 | 1 | 0 |
_aFundamentals of anatomy and physiology.(4th ed.) _cby Robert R. Smith |
| 250 | _a4th ed. | ||
| 260 |
_aUnited States of America _bPrentice Hall _c1998 |
||
| 300 | _a595p. | ||
| 350 | _a6.10 | ||
| 650 | 3 | _aANATOMY | |
| 650 | _aPHYSIOLOGY | ||
| 995 |
_aMICHAEL CHILUFYA SATA OPEN ACCESS _e903040 _FCBU-SCHOOL OF MEDICINE LIBRARY (Ndola) _I6.10 _jQP 34.5 Smi _M1 _UAVAILABLE _WSep 4, 2015 _y903040 _ZMedical Library Open Access Collection |
||
| 999 |
_c31475 _d31475 |
||